000 01009nam0a22003011 4500
001 2582301
005 20250622230942.0
021 _aRU
_b79-7485
035 _a(NLR Aleph) 006464929
090 _a5874826
_c5874826
100 _a20110316d1978 |||y0rusy50 ca
101 1 _arus
_aeng
_crus
_geng
102 _aRU
105 _aa z |||||
200 1 _aPhase transitions and oscillation spectra in almost commensurate structures
_e(Preprint)
_fV.L. Pokrovsky, A.L. Talapov
210 _aChernogolovka
_cБ. и.
_d1978
215 _a14 с.
_cил.
_d22
300 _aВ надзаг.: The acad. of sciences of the USSR. L.D. Landau inst. for theoretical physics
320 _aБиблиогр.: с. 13
686 _aВ371.33,09
_2rubbk
700 1 _aПокровский
_bВ.Л.
_gВалерий Леонидович
701 1 _aТалапов
_bА.Л.
801 0 _aRU
_bNLR
_gpsbo
801 1 _aRU
_bELAR
_2rusmarc
852 _aNLR
_jDesideratum
899 _aRuMoRGB
_jM 79-16/27
942 _cBOOK
980 _aNB